000
00284nam a2200097Ia 4500
005
20251222114358.0
008
251222s1900||||xx |||||||||||||| ||spa||
082
_a
DVD191.3/U61/2002/T.1
245
0
_a
La evolución de las relaciones entre la Unión Europea y América Latina:
942
_c
DVD
999
_c
1518
_d
1518